000 00419nam a2200169Ia 4500
005 20250508150759.0
008 008 250505s9999 xx 000 0 hin d
037 _aTextual
040 _aFEDL
_beng
_cFEDL
041 _ahin
_2eng
084 _a294.5, TUL
_qFEDL
100 _aTulsi Das
245 0 _aSri Ramcharitmanas
300 _a1002p.
942 _cTEXL
_h294.5, TUL
999 _c1325627
_d1325627